KOHA-Header-6

Oxford School Shakespeare Julius Caesar (Record no. 11480)

000 -LEADER
fixed length control field 00278nam a2200109Ia 4500
100 ## - MAIN ENTRY--AUTHOR NAME
Personal name Roma Gill
245 #0 - TITLE STATEMENT
Title Oxford School Shakespeare Julius Caesar
260 ## - PUBLICATION, DISTRIBUTION, ETC. (IMPRINT)
Place of publication Canada
Name of publisher Tata McGraw Hill
Year of publication 2011
300 ## - PHYSICAL DESCRIPTION
Number of Pages 394
942 ## - ADDED ENTRY ELEMENTS (KOHA)
Koha item type Books

No items available.

Powered by Koha